Fresh ideas in promotion / (Record no. 21300)

000 -LEADER
fixed length control field 01164cam a2200313 a 4500
001 - CONTROL NUMBER
control field 4905435
003 - CONTROL NUMBER IDENTIFIER
control field OSt
005 - DATE AND TIME OF LATEST TRANSACTION
control field 20170121110954.0
008 - FIXED-LENGTH DATA ELEMENTS--GENERAL INFORMATION
fixed length control field 940404s1994 ohua 001 0 eng
010 ## - LIBRARY OF CONGRESS CONTROL NUMBER
LC control number 94012062
020 ## - INTERNATIONAL STANDARD BOOK NUMBER
International Standard Book Number 0891346201 (paperoverboard)
040 ## - CATALOGING SOURCE
Original cataloging agency DLC
Transcribing agency DLC
Modifying agency DLC
043 ## - GEOGRAPHIC AREA CODE
Geographic area code n-us---
050 00 - LIBRARY OF CONGRESS CALL NUMBER
Classification number NC 998.5.A1F74 1994
082 00 - DEWEY DECIMAL CLASSIFICATION NUMBER
Classification number 741.6/0973
Edition number 20
100 ## - MAIN ENTRY--PERSONAL NAME
Relator code Haller Lynn
245 00 - TITLE STATEMENT
Title Fresh ideas in promotion /
Statement of responsibility, etc. [edited by] Lynn Haller.
246 30 - VARYING FORM OF TITLE
Title proper/short title Promotion
250 ## - EDITION STATEMENT
Edition statement 1st ed.
260 ## - PUBLICATION, DISTRIBUTION, ETC. (IMPRINT)
Place of publication, distribution, etc. Cincinnati, Ohio :
Name of publisher, distributor, etc. North Light Books,
Date of publication, distribution, etc. 1994.
300 ## - PHYSICAL DESCRIPTION
Extent 140 p. :
Other physical details ill. ;
Dimensions 29 cm.
500 ## - GENERAL NOTE
General note Includes indexes.
650 #0 - SUBJECT ADDED ENTRY--TOPICAL TERM
Topical term or geographic name as entry element Commercial art
Geographic subdivision United States
General subdivision Themes, motives.
700 1# - ADDED ENTRY--PERSONAL NAME
Personal name Haller, Lynn,
Dates associated with a name 1994
906 ## - LOCAL DATA ELEMENT F, LDF (RLIN)
a 7
b cbc
c orignew
d 1
e ocip
f 19
g y-gencatlg
942 ## - ADDED ENTRY ELEMENTS (KOHA)
Source of classification or shelving scheme
Koha item type Hard Covered Materials
Classification part NC 998.5.A1F74 1994
Call number prefix 29237
Holdings
Withdrawn status Lost status Source of classification or shelving scheme Damaged status Not for loan Home library Current library Shelving location Date acquired Source of acquisition Total Checkouts Full call number Barcode Date last seen Price effective from Koha item type
          MACHAKOS UNIVERSITY LIBRARY MACHAKOS UNIVERSITY LIBRARY Technical section 21/01/2017 Donation(BFA)   NC 998.5.A1F74 1994 29237 24/07/2018 21/01/2017 Hard Covered Materials
© Machakos University Library, Along The Highway, Machakos Wote Rd, Machakos, Kenya P.O. Box 136 - 90100 Machakos - Kenya

Tel: ( +254 ) 723 805829 OR Fax : 044-20353 OR Email: library@mksu.ac.ke